[Event "SRB-chT3 East"]
[Site "Serbia"]
[Date "2015.10.17"]
[Round "10.62"]
[White "Mitrovic, Darko A"]
[Black "Stojanovic, Jovan"]
[Result "1/2-1/2"]
[WhiteElo "2074"]
[BlackElo "2010"]
[PlyCount "22"]
[EventDate "2015.09.06"]
[EventType "team-tourn"]
[EventRounds "11"]
[EventCountry "SRB"]
[SourceTitle "EXT 2022"]
[Source "ChessBase"]
[SourceDate "2021.10.06"]
[SourceVersion "1"]
[SourceVersionDate "2021.10.06"]
[SourceQuality "1"]

1. e4 e6 2. d4 d5 3. Nc3 Nf6 4. e5 Nfd7 5. f4 c5 6. Nf3 Nc6 7. Be3 cxd4 8. Nxd4 Bc5 9. Qd2 0-0 10. 0-0-0 Nxd4 11. Bxd4 a6 1/2-1/2

[Event "SRB-chT3 Ost"]
[Site "Kladovo"]
[Date "2013.10.19"]
[Round "4.42"]
[White "Arsenijevic, Ivan"]
[Black "Stojanovic, Jovan"]
[Result "1/2-1/2"]
[WhiteElo "2164"]
[BlackElo "1977"]
[PlyCount "92"]
[EventDate "2013.10.17"]
[EventType "team-swiss"]
[EventRounds "8"]
[EventCountry "SRB"]
[SourceTitle "EXT 2015"]
[Source "ChessBase"]
[SourceDate "2014.11.20"]
[SourceVersion "1"]
[SourceVersionDate "2014.11.20"]
[SourceQuality "1"]

1. d4 Nf6 2. Nf3 e6 3. c4 Bb4+ 4. Nbd2 0-0 5. a3 Bxd2+ 6. Bxd2 d6 7. Bg5 Nbd7 8. e3 h6 9. Bh4 Re8 10. Be2 Nf8 11. 0-0 Ng6 12. Bg3 Nh5 13. Bd3 Nxg3 14. hxg3 Qf6 15. Qc2 Bd7 16. Be4 Rab8 17. Rfd1 Ne7 18. b4 Bc6 19. Bxc6 Nxc6 20. b5 Ne7 21. c5 Rec8 22. Rac1 d5 23. Ne5 Qf5 24. Qxf5 Nxf5 25. a4 Ra8 26. a5 f6 27. Nd3 Kf7 28. Rd2 Ne7 29. Rb2 Rab8 30. Rcb1 Ke8 31. Kf1 Kf7 32. Ke2 Rh8 33. Rc1 Rhc8 34. Rbc2 Ke8 35. f3 Kf7 36. b6 Nc6 37. bxc7 Rxc7 38. Ra1 Ke7 39. Rb2 Kd7 40. Nb4 Nxb4 41. Rxb4 Rc6 42. a6 b6 43. Rab1 Kc7 44. Rb5 Ra8 45. Rc1 Rb8 46. Rcb1 Ra8 1/2-1/2

[Event "SRB-chT3 Ost"]
[Site "Kladovo"]
[Date "2013.10.17"]
[Round "1.21"]
[White "Kostic, Tomislav"]
[Black "Stojanovic, Jovan"]
[Result "1/2-1/2"]
[WhiteElo "1948"]
[BlackElo "1977"]
[PlyCount "121"]
[EventDate "2013.10.17"]
[EventType "team-swiss"]
[EventRounds "8"]
[EventCountry "SRB"]
[SourceTitle "EXT 2015"]
[Source "ChessBase"]
[SourceDate "2014.11.20"]
[SourceVersion "1"]
[SourceVersionDate "2014.11.20"]
[SourceQuality "1"]

1. e4 e6 2. d4 d5 3. Nc3 Nf6 4. e5 Nfd7 5. f4 c5 6. Nf3 Nc6 7. Be3 a6 8. a3 cxd4 9. Nxd4 Bc5 10. Qd2 0-0 11. g3 Re8 12. Bg2 Nxd4 13. Bxd4 Bxd4 14. Qxd4 Nb6 15. 0-0 Qc7 16. Rae1 Bd7 17. g4 Rac8 18. Kh1 Qc5 19. Qd3 Na4 20. Ne4 Qxc2 21. Qh3 dxe4 22. Bxe4 Qxe4+ 23. Rxe4 Bc6 24. Qe3 Nc5 25. Rc1 Bxe4+ 26. Kg1 Red8 27. Rxc5 Rd1+ 28. Kf2 Bc6 29. Rc1 Rd5 30. f5 Rcd8 31. Rc2 Ba4 32. b3 Bc6 33. f6 h6 34. fxg7 Kxg7 35. Qf4 R8d7 36. Qf6+ Kg8 37. h4 Rd3 38. Qxh6 Rf3+ 39. Ke2 Rg3 40. Qg5+ Kf8 41. Rxc6 bxc6 42. h5 Rd4 43. Qh6+ Ke8 44. g5 Rdg4 45. Qh8+ Kd7 46. b4 Re4+ 47. Kf2 Rxg5 48. Qb8 Rgxe5 49. Qb7+ Kd6 50. Qb8+ Ke7 51. Qc7+ Kf6 52. Qxc6 Rh4 53. Qxa6 Rexh5 54. b5 Rh2+ 55. Ke3 Ke5 56. Kd3 R5h4 57. b6 R2h3+ 58. Kc2 Rh2+ 59. Kb3 R2h3+ 60. Kc2 Rh2+ 61. Kc3 1/2-1/2